00533nam a2200157Ia 4500008004000000082001900040100001700059245002500076260004200101300001200143650002500155690002300180906001100203999001700214952014400231210210b1969 xxu||||| |||| 00| 0 eng d a321.80954 GUPW aGUPTA (R C). aWho rules a country. aNDbAssociated Publishing Housec1969 axii,204 aDemocracy in India  aModern Governments a032688 c83823d83823 001040708Political ScienceaALbALcPolitical Scienced2021-02-17g40.00l0o321.80954 GUPWp032688r2021-02-17 00:00:00w2021-02-17yBK